000 00940cac a22002771u 4500
008 090113t 2006xxua grbd 001 0 eng d
010 _a2004061743
020 _a0131495380
020 _a9780131495388
082 0 4 _a658.1511
_bHOR
_222
100 1 _aHorngren, Charles T.,
_912381
_d1926-
245 1 0 _aCost accounting :
_ba managerial emphasis /
_cCharles T. Horngren, Srikant M. Datar, George Foster.
250 _a12th ed.
260 _aUpper Saddle River, United States :
_bPrentice Hall,
_cc.2006.
300 _axxviii, 868 p. :
_bill. (some col.) ;
_c29 cm.
500 _aAppendix : p. 825-844
500 _aGlossary : p. 845-855.
500 _aIndexes : p. 857-868.
504 _aBibliography : p. 829-831.
650 0 _aCost accounting
_91340
653 _bGeneral
_cDecember2013
655 _vreading book
_934232
700 1 _aDatar, Srikant M.
_91713
700 1 _aFoster, George
_91714
942 _cBB
_k658.1511 HOR
_2ddc
999 _c7676
_d7676